Quiz sur Zorro - Statistiques

Statistiques générales
  • Ce quiz a été pris 176 fois
  • Le résultat moyen est 8 sur 16
Statistiques - réponses
Année Réponse % Correct
Nom de son cheval Tornado
88%
Prénom de son célèbre serviteur muet Bernardo
85%
Sergent comique qui est souvent opposé à Zorro dans la série de 1957 Demetrio Lopez Garcia
84%
Identité secrète de Zorro Diego de la Vega
84%
Signification de Zorro en espagnol Renard
74%
Région dans laquelle il protège les habitants Haute-Californie
65%
Acteur qui interprète le nouveau Zorro, plus jeune, dans le même film Antonio Banderas
59%
Acteur français qui revêt le costume en 1975 Alain Delon
52%
Chanteur français qui a interprété Zorro est arrivé Henri Salvador
49%
Acteur qui interprète un Zorro vieilli et revanchard dans Le Masque de Zorro en 1998 Anthony Hopkins
40%
Producteur américain qui porte la toute première série sur Zorro à l'écran, en 1957 Walt Disney
29%
Chanteuse australienne qui a interprété la chanson de ce film en duo avec Marc Anthony Tina Arena
21%
En 1920, il est le premier acteur à interpréter le personnage Douglas Fairbanks
11%
Le genre de lame qu'il utilise Rapière
10%
Auteur qui a crée Zorro Johnston McCulley
8%
Célèbre groupe qui compose la musique du spectacle Zorro, le musical Gipsy King
3%
Aucun quiz correspondant
Distribution des résultats
% des personnes avec chaque résultat
Percentile par nombre de réponses
Votre historique - résultats
Vous n’avez pas pris ce quiz